Control de deformaciones en taludes mediante redes geodésicas
Gardado en:
| Autor Principal: | |
|---|---|
| Formato: | Libro |
| Idioma: | Spanish |
| Publicado: |
[San José , Costa Rica]
[2015?]
|
| Etiquetas: |
Engadir etiqueta
Sen Etiquetas, Sexa o primeiro en etiquetar este rexistro!
|
MARC
| LEADER | 00000nam a22000007a 4500 | ||
|---|---|---|---|
| 003 | 000001-T | ||
| 005 | 20240716100655.0 | ||
| 008 | 190829b2015 c a|||| |||| 00| ||spa d | ||
| 040 | |c cru CEDI | ||
| 082 | |a 551.307 P585c | ||
| 100 | |a Picado Salvatierra, Juan Antonio, 1953 |9 1718 | ||
| 245 | |a Control de deformaciones en taludes mediante redes geodésicas | ||
| 260 | |a [San José , Costa Rica] |c [2015?] | ||
| 300 | |a 15 hojas ;ilustraciones | ||
| 500 | |a A la cabeza de la portada: XII Congreso Nacional de Geotecnia CONGEO 2015, 1 y 2 de Julio 2015 | ||
| 942 | |c PON |h 551.307 P585c |i 000001-T |2 ddc |6 551_307000000000000_P585C_000001T | ||
| 999 | |c 21781 |d 21781 | ||
